[Event "Yingmei Cup CHN-chT 2017"]
[Site "?"]
[Date "2017.04.20"]
[Round "3"]
[White "Peng, Xiongjian"]
[Black "Liu, Yan"]
[Result "1-0"]
[WhiteElo "2423"]
[BlackElo "2414"]
[Annotator "TA"]
[PlyCount "121"]
[EventDate "2017.??.??"]
[SourceTitle "Shenzen"]

1. e4 c5 2. c3 Nf6 3. e5 Nd5 4. Nf3 Nc6 5. Bc4 e6 6. d4 cxd4 7. cxd4 d6 8. O-O
Be7 9. Qe2 O-O 10. Rd1 Na5 11. Bd3 {[%emt 0:00:02] B2: Sicilian: 2 c3} (11.
Bxd5 exd5 12. Nc3 Be6 13. Bf4 a6 14. Rac1 Nc6 15. exd6 Bxd6 16. Bxd6 Qxd6 17.
Ne5 Ne7 18. Nd3 Nc6 19. Ne5 Ne7 20. Nd3 Nc6 21. Ne5 Ne7 22. Nd3 {1/2-1/2 (22)
Lin,C (2520)-Zubov,A (2630) Olongapo City 2015}) 11... Nb4 12. exd6 Qxd6 13.
Nc3 Nxd3 14. Qxd3 {LiveBook: 8 Games} Nc6 15. a3 $146 (15. Ng5 Bxg5 16. Bxg5
Nb4 17. Qf3 Nd5 18. Rac1 Bd7 19. Nxd5 Qxd5 20. Qxd5 exd5 {1-0 (51) Larrea,M 
(2327)-Madeira,W (2179) Montevideo 2015}) 15... Rd8 16. Nb5 Qb8 (16... Qd5 $2
17. Nc7 Qd6 18. Nxa8 $18) 17. Qe4 $1 f5 18. Qe2 a6 19. Nc3 {Black must now
prevent d5.} Bf6 20. Bg5 Ne7 (20... Nxd4 $2 21. Rxd4 $1 Bxd4 22. Bxd8 $18) 21.
d5 e5 (21... Nxd5 $2 22. Nxd5 exd5 23. Rxd5 $1 $18 (23. Bxf6 gxf6 24. Nd4 Qd6
$14)) 22. h4 Qd6 23. Nd2 b5 {[#]} (23... Nxd5 $2 24. Nxd5 Qxd5 25. Bxf6 $18 (
25. Nc4 Qc5 $16)) (23... Ng6 $1 $14) 24. Nde4 $1 $18 fxe4 25. Nxe4 Qb6 26. Bxf6
gxf6 27. d6 Ng6 28. h5 (28. Nxf6+ Kg7 29. h5 Kxf6 $11) 28... Kg7 {Hoping for ..
.Nf4.} 29. hxg6 hxg6 30. Rd2 ({Better is} 30. Rac1 $16 Ra7 31. Nxf6 Kxf6 32.
Qf3+ (32. Rd5 Re8 $16) 32... Bf5 33. g4) 30... Bf5 $11 31. Rad1 {d7 is the
strong threat.} Rd7 32. Rd5 Bxe4 33. Qxe4 Rad8 34. Qd3 Qc6 35. b3 Rh8 36. Qd2
Rc8 37. Rd3 Qc5 38. Rh3 Kf7 $2 (38... Qc2 $1 $11 {and Black has nothing to
worry.}) 39. Qd3 $2 (39. Rh7+ $18 Ke6 40. Rxd7 (40. b4 Qd4 41. Qxd4 exd4 42.
Rxd7 Kxd7 43. Rxd4 Rc3 $17) 40... Kxd7 41. Qd3 (41. Qh6 Qc2 42. Qh3+ f5 43.
Qh7+ Kc6 $18)) 39... Kg7 $2 {[#]} (39... Rg8 $16) 40. Rh7+ $1 $18 Kxh7 41. Qh3+
Kg8 42. Qxd7 {Endgame KQR-KQR} Qc2 43. Qe6+ Kg7 44. Qe7+ Kg8 45. Rf1 {And now
d7 would win.} Rf8 46. d7 Qd2 47. g3 $40 {White goes for the king.} a5 (47...
e4 $142 48. g4 (48. Qxe4 Kf7 $16) 48... a5) 48. Kg2 {aiming for Qe6+.} Qd5+ {
[#]} 49. Kh2 (49. Kh3 $1 $18 {is the precise move to win.}) 49... Qd2 $2 (49...
Qd3 $16 {is a better defense.}) 50. Kg1 g5 $2 (50... e4 51. a4 (51. Qxe4 Kf7
52. Qh4 Rg8 $18) 51... bxa4 52. bxa4 f5) 51. Kg2 Qd5+ {[#]} 52. Kh2 $2 ({
Only move:} 52. Kh3 $1 $18) 52... Qd2 $2 ({Black should try} 52... Qd3 $1 $14)
53. Kh3 f5 54. Qe6+ Rf7 55. Qe8+ Rf8 56. Qg6+ Kh8 57. Rh1 Qxf2 58. Qh6+ {
White mates.} Kg8 {[#]} 59. Qxf8+ $1 Kxf8 60. d8=Q+ Kf7 61. Rd1 1-0

[Event "Yingmei Cup CHN-chT 2017"]
[Site "?"]
[Date "2017.04.20"]
[Round "3"]
[White "Zhao, Yuanhe"]
[Black "Wang, Tongsen"]
[Result "1/2-1/2"]
[WhiteElo "2386"]
[BlackElo "2385"]
[Annotator "TA"]
[PlyCount "126"]
[EventDate "2017.??.??"]
[SourceTitle "Shenzen"]

1. d4 d5 2. c4 e6 3. Nf3 c6 4. e3 Nf6 5. Bd3 dxc4 6. Bxc4 c5 7. Qe2 a6 8. O-O
b5 9. Bd3 Bb7 10. dxc5 Nc6 {D28: Queen's Gambit Accepted: Classical main line:
7 Qe2 with early ...Nc6} 11. Nc3 (11. a4 b4 12. b3 Bxc5 13. Bb2 Be7 14. Rd1 Qa5
15. Nbd2 O-O 16. Nc4 Qh5 17. Nfe5 Qxe2 18. Bxe2 Rad8 19. Rac1 Ne4 20. Bf3 f5 {
1/2-1/2 (19) Postny,E (2672)-Edouard,R (2635) London 2015}) 11... Bxc5 12. e4
Nd4 13. Nxd4 Bxd4 14. Bg5 b4 15. Nd5 exd5 16. e5 Kf8 17. exf6 Bxf6 18. Bxf6
Qxf6 19. Rac1 Re8 $146 20. Qg4 {[#] Rc7 is the strong threat.} Qd6 $1 21. Qd4
h5 22. Rc5 Rh6 23. Qxb4 Kg8 24. Rfc1 $36 {White has the initiative.} Qb6 25.
Qxb6 Rxb6 26. b3 g6 27. h4 Re7 28. Rc7 Rbe6 (28... Ree6 $14) 29. Rxe7 Rxe7 $16
{Endgame KRB-KRB} 30. b4 Kf8 31. a4 Ke8 32. Kf1 Kd8 33. g3 Re6 {[#]} 34. a5 $1
Kd7 35. Re1 (35. b5 $16) 35... Rc6 $1 $11 36. Ke2 Rc3 37. Ke3 Ra3 38. Kd4 Kd6 (
38... Rb3 $11) 39. Rc1 (39. Re8 $1 $14 Rb3 40. Rd8+ Kc6 41. Rf8) 39... Ra4 40.
Kc3 {Threatens to win with Kb3.} Ra3+ $1 41. Kd4 Ra4 42. Kc3 {aiming for Kb3.}
Ra3+ $1 43. Kd4 Ra4 44. Rb1 Ra2 45. f3 Rg2 46. b5 axb5 (46... Ra2 $1 $11) 47.
Rxb5 $14 Kc7 48. Rc5+ Kb8 49. a6 {Strongly threatening Rb5.} Ba8 50. Rb5+ Ka7
51. Rc5 {And now Rc7+ would win.} Kb8 $1 52. Rb5+ Ka7 53. Rc5 {Hoping for Rc7+.
} Kb8 $1 54. a7+ Kxa7 55. Rc7+ Bb7 56. Rxf7 Rxg3 57. Rf6 g5 58. hxg5 Rxg5 59.
f4 Rg3 60. Rh6 Rf3 61. f5 Bc8 (61... h4 $11) 62. Rxh5 ({White should try} 62.
f6 $16) 62... Kb6 $11 63. Rh6+ Kc7 1/2-1/2

[Event "Yingmei Cup CHN-chT 2017"]
[Site "?"]
[Date "2017.04.20"]
[Round "3"]
[White "Wang, Jue"]
[Black "Ni, Shiqun"]
[Result "1/2-1/2"]
[WhiteElo "2335"]
[BlackElo "2450"]
[Annotator "TA"]
[PlyCount "68"]
[EventDate "2017.??.??"]
[SourceTitle "Shenzen"]

1. e4 e5 2. Nf3 Nf6 3. d4 Nxe4 4. Bd3 d5 5. Nxe5 Nd7 6. O-O Be7 {LiveBook: 5
Games} 7. Bf4 {[%emt 0:00:03] C4: Petroff Defence: 3 d4} (7. Nf3 $5 {with more
complications.} Ndf6 8. Re1 c6 9. Ne5 O-O 10. c4) (7. c4 Nxe5 8. dxe5 c6 9. Bc2
Be6 10. cxd5 Qxd5 11. Qf3 Nc5 12. Qg3 Qc4 13. Nc3 Qg4 14. Qxg4 Bxg4 {1/2-1/2 
(33) Wei,Y (2706)-Wang,Y (2723) Shenzhen 2016}) 7... Nxe5 8. Bxe5 O-O 9. c4 {
White is slightly better.} Nf6 10. Nc3 ({Much weaker is} 10. Bxf6 Bxf6 11. cxd5
Qxd5 $15) 10... dxc4 11. Bxc4 c6 $146 (11... Bd6 12. Re1 Ng4 13. f3 Nxe5 14.
dxe5 {0-1 (35) Mifsud,T-Wijesundara,R Manila 1992}) 12. Qf3 Bg4 13. Qg3 {
[#] And now Bxf6 would win.} Qd7 14. h3 Be6 15. Bxe6 Qxe6 16. Rfe1 Bb4 (16...
Qf5 $11 {keeps the balance.}) 17. d5 Qf5 ({Black should try} 17... cxd5 $14 18.
Bd4 Qd6) 18. dxc6 (18. d6 $16) 18... bxc6 $14 19. a3 Ba5 20. Bd4 Bb6 21. Bxb6
axb6 22. Re5 Qc2 23. Re2 Qb3 24. Qd6 Rac8 {The position is equal.} 25. Rae1
Rfd8 26. Qf4 (26. Qg3 $5 {creates asymmetry.} h6 27. Ne4 Qe6 28. Qf3 Nd5 29.
Nc3) 26... h6 27. Rd2 Rxd2 28. Qxd2 b5 29. Re3 Qc4 30. Rd3 Re8 31. Rd8 Rxd8 32.
Qxd8+ Kh7 33. Qd2 g6 34. Qe2 {next Qxc4 is good for White.} Qd4 1/2-1/2

[Event "Yingmei Cup CHN-chT 2017"]
[Site "?"]
[Date "2017.04.20"]
[Round "3"]
[White "Zhang, Ziji"]
[Black "Zhou, Weiqi"]
[Result "1/2-1/2"]
[WhiteElo "2318"]
[BlackElo "2606"]
[Annotator "TA"]
[PlyCount "139"]
[EventDate "2017.??.??"]
[SourceTitle "Shenzen"]

1. d4 Nf6 2. c4 e6 3. Nc3 Bb4 4. Qc2 b6 5. e4 c5 6. d5 {E32: Nimzo-Indian:
Classical (4 Qc2): 4...0-0} Qe7 7. Be2 {Black must now prevent e5.} (7. Nge2
exd5 8. exd5 d6 9. Bd2 O-O 10. O-O-O Ng4 11. Re1 Nxf2 12. Rg1 Nd7 13. Nd4 Qxe1+
14. Bxe1 cxd4 {0-1 (42) Bocharov,D (2611)-Tomashevsky,E (2724) Novosibirsk 2016
}) 7... exd5 8. exd5 Qe4 (8... d6 $5 {creates asymmetry.} 9. Nf3 O-O 10. O-O
Bxc3 11. bxc3 Bg4) 9. Qxe4+ (9. Qd2 $5 {is interesting.} Bxc3 10. Qxc3 d6 11.
Nf3 O-O 12. Be3) 9... Nxe4 10. Bd2 (10. a3 $5 {with more complications.} Ba5
11. Bd2 Bxc3 12. bxc3 d6 13. Bf4) 10... Bxc3 11. Bxc3 Nxc3 12. bxc3 d6 13. Nf3
Nd7 14. Kd2 $146 h6 15. Bd3 Kd8 16. Rae1 Rb8 17. h3 Nf6 18. Re3 Re8 19. Rxe8+
Kxe8 20. Re1+ Kf8 21. Nh4 g6 22. g4 a6 23. Rb1 Bd7 24. Ng2 Ke7 25. Ne3 Kd8 26.
Re1 b5 27. Rb1 Kc7 28. a3 g5 29. f3 h5 30. Be2 Ra8 31. cxb5 (31. Bd3 $11) 31...
axb5 $15 32. Bxb5 Bxb5 33. Rxb5 Rxa3 $11 {Endgame KRN-KRN} 34. Kc2 h4 35. Rb1
Ra2+ 36. Rb2 Ra4 37. Kd3 {[#]} Nd7 (37... Ra1 $1 $17 38. Rh2 Nd7) 38. Nc4 $15 {
[#]} Nf8 (38... Ra1 $1 $17 39. Rf2 Rd1+ 40. Kc2 Rxd5) 39. Rb6 $11 {And now
Rc6+ would win.The position is equal.} Ng6 $1 40. Rc6+ Kd8 $1 41. Rxd6+ Ke7 42.
Rc6 Nf4+ 43. Kc2 Nxd5 ({Reject} 43... Rxc4 $6 44. Kb3 Rxc3+ 45. Kxc3 $16) 44.
Rxc5 Nf4 45. Kb3 Ne6 46. Rf5 ({But not} 46. Kxa4 Nxc5+ 47. Kb5 Nd3 $17) 46...
Ra1 47. Nd2 Rh1 48. Ne4 Rxh3 49. Nxg5 Nxg5 50. Rxg5 Rxf3 {KR-KR} 51. Rh5 h3 {
next ...Kf6 is good for Black.} 52. Kc2 Kf6 {Threatens to win with ...Kg6.} 53.
Kd2 Kg6 {...f5 is the strong threat.} 54. Ke2 Rxc3 55. Kf2 f6 56. Kg1 Rg3+ 57.
Kf2 Ra3 58. Kg1 Rg3+ 59. Kf2 Rxg4 (59... Rd3 $5 {feels hotter.} 60. Kg1 Rd2 61.
Rxh3 Ra2 62. Rf3 Rc2) 60. Rxh3 Ra4 61. Rb3 Kf5 62. Kf3 Rf4+ 63. Kg3 {Strongly
threatening Rb5+.} Rd4 64. Kf3 Kg5 65. Rb5+ f5 66. Rb3 Rh4 {( -> ...Rh3+)} 67.
Rb8 Rh3+ 68. Kg2 Re3 69. Rb4 Re4 70. Rxe4 1/2-1/2

[Event "Yingmei Cup CHN-chT 2017"]
[Site "?"]
[Date "2017.04.20"]
[Round "3"]
[White "Gong, Qianyun"]
[Black "Ren, Xiaoyi"]
[Result "1/2-1/2"]
[WhiteElo "2300"]
[BlackElo "2262"]
[Annotator "TA"]
[PlyCount "92"]
[EventDate "2017.??.??"]
[SourceTitle "Shenzen"]

1. e4 e5 2. Bc4 Nf6 3. Nc3 Be7 4. d3 d6 5. f4 {LiveBook: 36 Games} Bg4 {
C24: Bishop's Opening: 2...Nf6} (5... Nc6 6. Nf3 exf4 7. Bxf4 O-O 8. a3 Bg4 9.
h3 Bxf3 10. Qxf3 Ne5 11. Bxe5 dxe5 12. O-O c6 13. Kh1 g6 14. Ne2 Kg7 15. Rad1
Qc7 {1/2-1/2 (34) Short,N (2683)-Strikovic,A (2495) Cape Town 2015}) 6. Nf3
exf4 7. Bxf4 Nh5 {White is slightly better.} 8. Be3 Nc6 $146 (8... Bh4+ 9. g3
Be7 10. Qe2 O-O 11. Qg2 Nc6 12. h3 Be6 13. Nd5 Na5 14. Nxe7+ Qxe7 15. Bxe6 fxe6
{1/2-1/2 (45) Dikic,V (1690)-Bogdanovic,V (2001) Belgrade 2009}) 9. d4 (9.
Bxf7+ $16 Kxf7 10. Ng5+ $1 Bxg5 11. Qxg4 Bxe3 12. Qxh5+ g6 13. Qf3+ Kg7 14.
Qxe3) 9... O-O 10. O-O Nf6 11. Bd3 Bh5 12. Ne2 ({White should try} 12. a3 $16)
12... Nb4 13. Nf4 Nxd3 14. Qxd3 Bg6 15. Nxg6 hxg6 16. c4 a5 17. Rad1 Qd7 18. h3
Rfd8 19. Qc2 a4 20. Ng5 Rf8 21. e5 {And now e6! would win.} Nh7 22. Nf3 dxe5
23. Nxe5 Qe6 24. Bf4 Bg5 25. Bg3 Nf6 26. Nf3 Be3+ 27. Kh1 Qe4 {[#]} (27... Ne4
$11 28. Bh2 (28. Bxc7 Qf5 29. Qd3 Nf2+ 30. Rxf2 Qxd3 31. Rxd3 Bxf2 $11) 28...
f5) 28. Qc3 $1 $16 Qe7 29. Ne5 Bh6 30. Rde1 {Nxg6! is the strong threat.} Qd8
31. d5 Ra6 32. Qf3 (32. Re2 $16) 32... Nh5 33. Bf2 Rf6 34. Qc3 {aiming for Ng4.
} Bf4 (34... b5 $11 {remains equal.}) 35. Ng4 (35. g4 $16 Bxe5 36. Rxe5 (36.
Qxe5 Nf4 $14)) 35... Rf5 $11 36. g3 (36. Rd1 $11 {keeps the balance.}) 36...
Bd6 $17 37. Kg2 {[#]} Rxf2+ $1 38. Nxf2 (38. Rxf2 Bxg3) 38... Nxg3 39. Rg1 Qg5
{Black has strong compensation.} 40. Qe3 Bf4 41. Qe7 f6 (41... Qh5 $17 42. Qa3
Ne2) 42. Qe6+ $11 Kh8 $132 {Black has counterplay (3)} 43. Qg4 {Threatens to
win with Nd3.} Qh6 44. Qf3 {Black must now prevent Ng4.} Nf5 45. Kh1 {Hoping
for Ng4.} Bd6 46. Ne4 Be5 1/2-1/2

[Event "Yingmei Cup CHN-chT 2017"]
[Site "?"]
[Date "2017.04.20"]
[Round "3"]
[White "Xiao, Yiyi"]
[Black "Zhu, Jiner"]
[Result "1-0"]
[WhiteElo "2290"]
[BlackElo "2154"]
[Annotator "ChessBase"]
[PlyCount "111"]
[EventDate "2017.??.??"]
[SourceTitle "Shenzen"]
[TimeControl "5400+30"]

1. Nf3 f5 2. g3 Nf6 3. Bg2 e6 4. c4 c6 5. b3 d5 6. O-O Bd6 7. d4 Qe7 8. Bb2 b6
9. Ne5 Bb7 10. Nd3 O-O 11. Nd2 a5 12. Qc2 Nbd7 13. a3 c5 14. dxc5 bxc5 15. e3
Ne4 16. Rac1 Rac8 17. Rcd1 Ndf6 18. Nf3 a4 19. bxa4 dxc4 20. Nde5 c3 21. Bxc3
Ba6 22. Nc4 Nxc3 23. Qxc3 Ne4 24. Qc2 Bc7 25. Nfd2 Nxd2 26. Rxd2 Rfd8 27. Rxd8+
Rxd8 28. Rc1 Qf6 29. h4 e5 30. Nd2 Bb6 31. a5 Bxa5 32. Nb3 Bd3 33. Qxc5 Bb6 34.
Qb4 e4 35. a4 Rb8 36. Nc5 Bc7 37. Qa3 Bd6 38. Qa2+ Qf7 39. Qxf7+ Kxf7 40. Nxd3
exd3 41. Rd1 Ke7 42. Rxd3 Rb1+ 43. Kh2 Rb2 44. Kg1 Rb1+ 45. Bf1 Ra1 46. Rd4 g6
47. Kg2 h6 48. Bd3 Ra3 49. h5 Be5 50. Rd5 Ke6 51. Bc4 Rxa4 52. Bb3 Ra3 53. Rb5+
Kf6 54. Rb6+ Ke7 55. Re6+ Kf7 56. hxg6+ 1-0

[Event "Yingmei Cup CHN-chT 2017"]
[Site "?"]
[Date "2017.04.20"]
[Round "3"]
[White "Xu, Minghui"]
[Black "Malakhov, Vladimir"]
[Result "0-1"]
[WhiteElo "2283"]
[BlackElo "2714"]
[Annotator "TA"]
[PlyCount "52"]
[EventDate "2017.??.??"]
[SourceTitle "Shenzen"]

1. Nf3 g6 2. d4 Bg7 3. c4 c5 4. d5 d6 5. e4 Bg4 {[%emt 0:00:01] A40: Unusual
replies to d4} (5... e6 6. Nc3 Ne7 7. h4 h6 8. Be3 a6 9. a4 exd5 10. cxd5 Bg4
11. Be2 f5 12. Ng1 Qb6 13. Qc2 O-O 14. Bxg4 fxg4 {1/2-1/2 (40) Deac,B (2572)
-Svidler,P (2748) Caleta 2017}) 6. Nc3 Nd7 7. Be2 Bxc3+ 8. bxc3 Qa5 {LiveBook:
3 Games} 9. O-O Bxf3 10. Bxf3 Ngf6 11. Qc2 h6 $146 (11... Rg8 12. Be2 g5 13.
Be3 {0-1 (39) Mueller,R (2427)-Vokac,M (2471) Germany 2010}) 12. Be2 O-O-O 13.
f4 Rdg8 14. g3 Qc7 15. Bd3 g5 16. Kh1 Rg7 17. Qe2 e5 (17... Rhg8 $11) 18. f5 (
18. fxg5 $14 hxg5 19. Rf5) 18... g4 $15 19. Bd2 h5 20. Kg2 h4 21. Rh1 Qd8 22.
Raf1 {[#]} (22. Rab1 $17 {was worth a try.}) 22... Rh5 $1 $19 23. Be1 Qh8 24.
h3 $2 (24. gxh4 $17 Rxh4 25. Bxh4 Qxh4 26. Qe3) 24... hxg3 (24... gxh3+ $142
25. Rxh3 hxg3) 25. h4 Rh6 (25... Rxh4 26. Rxh4 Qxh4 27. Rh1 Qh3+ 28. Rxh3 $11)
26. Bd2 Nh5 ({Stronger than} 26... Rxh4 27. Rxh4 Qxh4 28. Rh1 Qh3+ 29. Rxh3 $11
) 0-1

[Event "Yingmei Cup CHN-chT 2017"]
[Site "?"]
[Date "2017.04.20"]
[Round "3"]
[White "Chu, Ruotong"]
[Black "Ding, Yixin"]
[Result "0-1"]
[WhiteElo "2270"]
[BlackElo "2420"]
[Annotator "TA"]
[PlyCount "162"]
[EventDate "2017.??.??"]
[SourceTitle "Shenzen"]

1. d4 Nf6 2. c4 e6 3. g3 d5 4. Bg2 dxc4 5. Qa4+ Bd7 6. Qxc4 Bc6 7. Nf3 Bd5 8.
Qd3 Be4 9. Qd1 c5 10. Nc3 Bc6 11. O-O Nbd7 {LiveBook: 67 Games} 12. Re1 {
E02: Open Catalan: 5 Qa4+} (12. Be3 cxd4 13. Bxd4 Be7 14. Ne5 Bxg2 15. Kxg2
Nxe5 16. Bxe5 Qa5 17. Bxf6 Bxf6 18. Ne4 O-O 19. Nxf6+ gxf6 20. Qd4 {1/2-1/2 
(19) Timman,J (2565)-Karpov,A (2628) Murmansk 2016}) 12... cxd4 13. Qxd4 Bc5
14. Qf4 $146 {The position is equal.} (14. Qh4 Qb6 15. e3 Be7 16. Qd4 Rd8 17.
Qxb6 Nxb6 18. Nd4 Bxg2 19. Kxg2 O-O {0-1 (40) Lagane, C-Boutteville,C
Dunkerque 1965}) 14... Qe7 15. Be3 Bd6 16. Qc4 O-O 17. a3 Rfc8 {...Bxf3 is the
strong threat.} 18. Qb3 h6 19. h3 Nc5 20. Qd1 e5 21. b4 Nce4 22. Nxe4 Nxe4 23.
Qb3 a5 24. Nd2 Nxd2 25. Bxd2 a4 26. Qb2 Bxg2 27. Kxg2 Qe6 28. Rac1 Qd5+ 29. e4
Qb5 30. Bc3 Rc6 31. Qd2 Rd8 32. Bb2 Bc7 33. Qe2 Qxe2 34. Rxe2 Rxc1 35. Bxc1 $11
{Endgame KRB-KRB} Rd3 36. Re3 Rd1 37. Rc3 Bb6 38. Kf3 Kf8 39. Ke2 Rh1 40. h4
Ke7 41. Be3 Bxe3 42. Kxe3 $15 {KR-KR} Kd6 43. Kd2 Ra1 44. Ke3 g6 45. Ke2 h5 46.
Rf3 Ra2+ 47. Ke1 Ke6 48. Rd3 $2 {[#]} (48. Rc3 $17 {might work better.}) 48...
f5 $1 $19 49. exf5+ gxf5 50. Rc3 Kd5 51. Rd3+ Ke4 52. Re3+ Kd4 53. Rf3 {[#]} f4
$1 54. gxf4 {White wants to play f5.} Ke4 55. Rc3 $2 (55. Re3+ {was forced.}
Kxf4 56. Rg3) 55... exf4 ({Less strong is} 55... Kxf4 56. Kf1 $17) 56. b5 f3
57. Re3+ Kf4 58. Rc3 {If White can now play Rc4+ this consolidates a bit.} Kg4
59. Rc4+ {[#]} (59. Rc7 $142 Rxa3 60. b6) 59... Kh3 $1 60. Rc7 Re2+ 61. Kd1 Kg2
({Not} 61... Kxh4 62. Rxb7 Rxf2 63. Ke1 Re2+ 64. Kf1 $19) 62. Rxb7 Kxf2 (62...
Rxf2 $2 63. Rg7+ Kh3 64. Rf7 $19) 63. b6 Rb2 64. Rb8 Kg2 65. b7 f2 66. Rg8+ Kh3
67. Rf8 Kg3 ({Weaker is} 67... Rxb7 68. Rxf2 Rb3 69. Rf4 $19) 68. Rg8+ Kxh4 69.
Rf8 Rxb7 (69... Kg3 $142 70. Rg8+ Kh3) 70. Ke2 Rb2+ (70... Kh3 $142 71. Kxf2 h4
72. Rf3+ Kh2) 71. Kf1 Ra2 (71... Kg5 $142 72. Rg8+ Kf4) 72. Rf4+ Kg3 73. Rf3+
Kg4 74. Rc3 $2 (74. Rg3+ Kf5 75. Rf3+ Ke5 76. Rd3) 74... Kf4 (74... h4 $142 75.
Rc4+ Kh5 76. Rc5+ Kg6 77. Rc6+ Kf5 78. Rc5+ Kg4 79. Rc4+ Kg5 80. Rc5+ Kg4 81.
Rc4+) 75. Kg2 $2 (75. Rh3) 75... h4 76. Rc4+ Kg5 (76... Ke3 $142 77. Rc1 Rxa3
78. Rb1 Rb3 79. Ra1 a3 80. Kh3 Ke2+ 81. Kxh4 f1=Q 82. Rxf1 Kxf1 83. Kg5 a2 84.
Kf4 a1=Q 85. Kf5 Qa5+ 86. Kg6 Rb6+ 87. Kh7 Qa7+ 88. Kh8 Rb8#) 77. Rc5+ Kf4 $2 (
{Black should play} 77... Kf6 $19 {Hoping for .. .h3+!} 78. Rh5 Rxa3 79. Kxf2
h3) 78. Rc3 $2 (78. Rc4+ $1 $11 {and White is okay.} Ke3 79. Rc1 Rxa3 80. Rb1)
78... Rb2 79. Rc1 $2 (79. Rc4+ $19 Ke3 80. Rc3+ Ke2 81. Rc1 h3+ 82. Kh2 f1=Q
83. Rxf1 Kxf1+ 84. Kxh3 Rg2 85. Kh4 Ke2 86. Kh3 Kf3 87. Kh4 Rg3 88. Kh5 Kf4 89.
Kh6 Kf5 90. Kh7 Kf6 91. Kh8 Kf7 92. Kh7 Rh3#) 79... Ke3 {Black mates.} 80. Rc3+
Ke2 81. Rf3 {[#]} h3+ $1 0-1

[Event "Yingmei Cup CHN-chT 2017"]
[Site "?"]
[Date "2017.04.20"]
[Round "3"]
[White "Liu, Shilan"]
[Black "Zhang, Xiaowen"]
[Result "0-1"]
[WhiteElo "2255"]
[BlackElo "2345"]
[Annotator "TA"]
[PlyCount "140"]
[EventDate "2017.??.??"]
[SourceTitle "Shenzen"]

1. e4 g6 2. d4 Bg7 3. Nf3 d6 4. Be3 Nf6 5. Bd3 O-O 6. c3 Nc6 7. O-O e5 8. dxe5
{B07: Pirc Defence: Miscellaneous Systems} (8. Nbd2 Ng4 9. Bg5 f6 10. Bh4 h5
11. Bg3 Nh6 12. h3 g5 13. Nc4 Ne7 14. dxe5 dxe5 15. h4 g4 {1-0 (38) Sanal,V 
(2469)-Shanava,K (2545) Mersin 2016}) 8... dxe5 9. Qe2 h6 $146 (9... Qe7 10.
Na3 a6 11. b4 b6 12. Nc4 Nh5 13. g3 Bg4 14. Kg2 {0-1 (22) Bilic,V (2272)
-Dumpor,A (2403) Neum 2008}) 10. Bc5 {The position is equal.} Re8 11. Rd1 Nh5
12. g3 Bg4 13. Nbd2 Qf6 14. Kg2 Rad8 15. Nf1 (15. h3 $11 Bc8 16. Rh1) 15... b6
$17 16. Ba3 {[#]} (16. Be3 $17 {is a better defense.}) 16... Bc8 $2 (16... Nf4+
$1 $19 17. gxf4 exf4) 17. Bb5 $14 Qe6 18. Ng1 Bb7 19. Ne3 Nf6 20. f3 Bf8 21.
Bxf8 Rxf8 22. Qc4 Qxc4 23. Nxc4 Nd7 24. Rd2 a6 25. Bxc6 $1 Bxc6 26. Rad1 {
Nxe5! is the strong threat.} f6 27. Nh3 (27. h4 $14) 27... Kf7 28. Nf2 Ke7 29.
Ng4 h5 30. Nge3 Nc5 31. Nd5+ Bxd5 $1 32. exd5 Nb7 33. Ne3 f5 34. Nc4 Kf6 35. f4
e4 36. h4 Nd6 37. Ne3 a5 38. c4 Rd7 39. b3 Ra8 40. Kf2 Nb7 41. Ke2 Rd6 42. Nc2
Nc5 43. Ke3 Nd3 44. Nd4 a4 45. Nb5 Rd7 46. Rxd3 exd3 $11 {Endgame KRR-KRN} 47.
b4 Re8+ 48. Kxd3 Rde7 (48... c5 $15 49. bxc5 bxc5) 49. Kc3 Rc8 50. Na7 Rce8 (
50... Ra8 $11 51. Nc6 Re2) 51. Nb5 $15 Rd8 (51... Kf7 $15) 52. Rd3 ({Better is
} 52. Nd4 $1 $11) 52... Rdd7 $2 (52... Re2 $15 {keeps the upper hand.}) 53. c5
bxc5 54. bxc5 Rd8 {[#]} 55. c6 $1 {White has strong compensation.} Rc8 56. Kc4
(56. d6 $16 cxd6 57. c7) 56... Re2 $1 $14 57. Nc3 (57. a3 $14) 57... Re1 (57...
Rc2 $11) 58. Kb4 (58. d6 $6 cxd6 59. Rxd6+ Ke7 60. Rxg6 Rc1 $11) (58. Kb5 $16)
58... Rb8+ 59. Ka3 (59. Kc5 $14) 59... Ke7 {[#] Threatens to win with ...Kd6.}
60. d6+ $1 cxd6 61. c7 (61. Nd5+ $11 {remains equal.} Ke6 62. Nc7+ Ke7 63. Nd5+
Ke8 64. Rc3 (64. Kxa4 Ra8+ 65. Kb3 Ra5 $17)) 61... Rc8 $17 62. Nd5+ $2 (62. Kb4
$17 {is a better chance.}) 62... Kf7 $2 ({Black should play} 62... Ke6 $19 {
Strongly threatening ...Rc1.} 63. Nc3 Rxc7 64. Kxa4 Ra7+ 65. Kb3 Rb7+ 66. Kc4
Rb2) 63. Kxa4 ({White should try} 63. Rc3 $1 $14 Rb1 64. Re3) 63... Rb1 $1 $11
64. Rb3 Rc1 $1 (64... Rd1 65. Rb8 Rd4+ 66. Kb3 Rd3+ 67. Kb4 (67. Kc4 Rxd5 68.
Rxc8 Rc5+ 69. Kd4 Ke7 $18) 67... Rd4+ 68. Kc3 Rxd5 69. Rxc8 Rc5+ 70. Kd4 $18)
65. Rb5 Ke6 {White must now prevent ... Ra8+.} 66. Ka5 $2 (66. Rb8 $11) 66...
Rc5 $19 67. Rxc5 dxc5 68. Kb6 (68. Nc3 $19 Rxc7 69. Kb5) 68... Kxd5 {Black
mates.} 69. a4 c4 70. Kb7 c3 $4 {Loss on Time!?} (70... Rxc7+ 71. Kxc7 c3 72.
Kd8 c2 73. Ke7 c1=Q 74. Kf6 Qc8 75. Kf7 Qe6+ 76. Kg7 Qe7+ 77. Kh6 Ke6 78. g4
hxg4 79. h5 Kf6 80. hxg6 Qg7+ 81. Kh5 Qh8#) 0-1

[Event "Yingmei Cup CHN-chT 2017"]
[Site "?"]
[Date "2017.04.20"]
[Round "3"]
[White "Gu, Tianlu"]
[Black "Yuan, Ye"]
[Result "0-1"]
[WhiteElo "2212"]
[BlackElo "2306"]
[Annotator "TA"]
[PlyCount "86"]
[EventDate "2017.??.??"]
[SourceTitle "Shenzen"]

1. e4 c5 2. Nf3 e6 3. d4 cxd4 4. Nxd4 Nc6 5. g3 Bc5 6. Nb3 Be7 7. Bg2 Nf6 8.
O-O O-O 9. c4 d6 {LiveBook: 5 Games} 10. Be3 {A32: Symmetrical English: 2 Nf3
Nf6 3 d4 cxd4 4 Nxd4 e6} Ne5 11. Qe2 Bd7 $146 {[#]} (11... Qc7 12. Na3 a6 13.
h3 Nfd7 14. Rac1 {0-1 (43) Trichkov,V (2290)-Smagin,S (2550) Hartberg 1991})
12. h3 (12. f4 $1 $16) 12... Rc8 $14 13. N3d2 Qc7 14. b3 a6 15. f4 Ng6 16. a4
Rfe8 (16... d5 $1 $11 {remains equal.}) 17. Nc3 (17. a5 $16) 17... h6 (17... d5
$1 $11) 18. Qf2 $16 Nh7 19. Bb6 Qb8 20. Nf3 (20. Rac1 $16) 20... Bf6 $14 21.
Rac1 Bc6 22. Nd4 e5 23. Nf5 exf4 24. gxf4 Bxc3 (24... Ne7 $16) 25. Rxc3 $18
Bxe4 {[#]} (25... Bd7 {might work better.} 26. Ng3 Re7) 26. Bxe4 $2 (26. Nxg7
$1 $18 Kxg7 27. f5) 26... Rxe4 $14 27. Qg2 (27. Bd4 $14) 27... Rce8 (27... d5
$11) 28. Bd4 d5 (28... Nf6 $11) 29. cxd5 (29. Bxg7 $6 Qc8 30. Ng3 (30. Qg4 Qc5+
31. Kh2 dxc4 $15) 30... Qc5+ 31. Kh1 Rxf4 32. Bxh6 Rxf1+ 33. Nxf1 Nf6 $11) (29.
Rg3 $16 {Threatens to win with Rxg6.} Nhf8 30. Nxg7 Rxd4 31. Nxe8 Qxe8 32. f5 (
32. cxd5 f5 $11)) 29... Rxf4 $11 {Strongly threatening ...Ng5.} 30. d6 Ng5 31.
Ne7+ $2 (31. d7 $11 {and White stays safe.} Rxf1+ 32. Kxf1 (32. Qxf1 Rd8 33.
Bxg7 Rxd7 34. Bxh6 Qd8 35. Bxg5 Qxg5+ 36. Rg3 Qf6 $11)) 31... Nxe7 32. Rxf4 {
Hoping for Rc7.} Qxd6 33. Be3 Ng6 ({Much less strong is} 33... Nd5 34. Rd4 Nxe3
35. Rxd6 $19) 34. Rf1 Qe5 $2 ({Black should try} 34... Nh4 $19 35. Bc5 Qg6) 35.
Rd3 $15 Ne6 {White must now prevent ...Nef4.} 36. Qf3 ({Don't go for} 36. Qxb7
$2 Nef4 37. Bxf4 (37. Bd4 $2 Qf5 38. Rg3 Ne2+ 39. Kh2 Qxf1 $19) 37... Nxf4 $19)
36... Nh4 ({Better is} 36... Qc7 $15 37. Qe4 Ne5) 37. Qxf7+ $11 Kh7 {( -> ...
Qg3+)} 38. Qf2 $1 Qe4 $36 {Black is pushing.} 39. Rd7 $2 (39. Rd6 $2 Rf8 40.
Rxe6 Qxe6 41. Qc2+ Rf5 42. Rxf5 Nxf5 $17) (39. Rc3 $11) 39... Rf8 $19 40. Qd2 {
White wants to play Qd3.} Nf3+ (40... Qg6+ $142 41. Bg5 Nxg5 42. Rxf8 Nhf3+ 43.
Kf1 Nxd2+ 44. Rxd2 Qb1+ 45. Ke2 Qxb3) 41. Rxf3 Rxf3 42. Bf2 Rxh3 43. Bb6 Rh1+ (
43... Qh1+ $142 44. Kf2 Rf3+ 45. Ke2 Qf1#) 0-1